[Event "Mukachevo Masters IM 2018"]
[Site "Mukachevo"]
[Date "2018.10.19"]
[Round "5"]
[White "Bidsila, Andrej"]
[Black "Vypkhaniuk, Ihor"]
[Result "0-1"]
[WhiteElo "2261"]
[BlackElo "2389"]
[Annotator "TA"]
[PlyCount "70"]
[EventDate "2018.08.17"]
[EventType "swiss"]
[EventCountry "UKR"]
[SourceTitle "playchess.com"]
[Source "ChessBase"]
[SourceQuality "1"]

{[%evp 10,70,0,-7,21,0,0,0,2,-40,11,-11,-5,-33,-35,-38,-14,-14,-8,-91,-90,-104,-106,-108,-112,-100,-82,-114,-114,-91,-97,-104,-95,-95,-75,-115,-114,-117,-108,-243,-242,-243,-252,-340,-299,-524,-416,-411,-412,-410,-409,-410,-385,-400,-401,-592,-415,-898,-581,-29990,-29981,-29994,-29995]} 1. Nf3 g6 2. e4 d6 3. d4 Bg7 4. c3 Nf6 {[%cal Bg8f6,Bf6h5,Bh5f4][%mdl 32]} 5. Qc2 O-O 6. Nbd2 {LiveBook: 8 Games. B06: Modern Defence} (6. Be2 Nbd7 7. O-O e5 8. dxe5 dxe5 9. Rd1 Qe7 10. Bg5 h6 11. Bh4 b6 12. Nbd2 Bb7 13. b4 g5 14. Bg3 Nh5 {1-0 (46) Kovalenko,I (2587)-Mamedyarov,S (2747) Jurmala 2012}) 6... Nc6 7. Bd3 Nh5 $146 ({Predecessor:} 7... e5 8. dxe5 Nxe5 9. Nxe5 dxe5 10. O-O Nh5 11. Nc4 Nf4 12. Bxf4 exf4 13. f3 h5 14. Rad1 {0-1 (23) El Kasaby,A (2000)-Lebrun,X (2209) Paris 2002}) 8. Nb3 {The position is equal.} e5 9. d5 Nb8 (9... Ne7 $15) 10. h3 c6 11. c4 Na6 12. Bd2 Nf4 13. Bxf4 {[#] Threatens to win with Bd2.} exf4 14. a3 (14. Qd2 $11) 14... cxd5 15. cxd5 Qb6 16. Rb1 Bd7 {White must now prevent ...Ba4.} 17. Nc1 f5 18. O-O fxe4 19. Bxe4 Nc5 20. Bd3 Nxd3 21. Nxd3 Qb5 $36 {[%mdl 2048] Black is really pushing.} 22. Rfd1 Rac8 23. Qd2 Bf5 24. Nxf4 (24. h4 $17) 24... Bxb1 $19 25. Rxb1 {intending Ne6.} Bh6 26. g3 Qc4 27. Kg2 $2 (27. Nd4) 27... Bxf4 28. gxf4 Rxf4 29. Re1 {If only White now had time for b3!...} Rcf8 30. Re3 R4f5 31. Rd3 Qe4 32. Qd1 (32. Re3 {was worth a try.} Qxd5 33. Qxd5+ Rxd5 34. Re2) 32... a6 33. Kg3 (33. Re3 $142 Qxd5 34. Qxd5+ Rxd5 35. Re2) 33... h6 34. Qb3 {[#]} Rg5+ $1 {[%mdl 512]} 35. Nxg5 Qf4+ {Precision: White = 28%, Black = 69%.} ({Not} 35... hxg5 36. Rf3 $11) 0-1

[Event "Mukachevo Masters IM 2018"]
[Site "Mukachevo"]
[Date "2018.10.19"]
[Round "5"]
[White "Vachylia, Andrii"]
[Black "Tiba, Vladyslav"]
[Result "0-1"]
[WhiteElo "2238"]
[BlackElo "2337"]
[Annotator "TA"]
[PlyCount "56"]
[EventDate "2018.08.17"]
[EventType "swiss"]
[EventCountry "UKR"]
[SourceTitle "playchess.com"]
[Source "ChessBase"]
[SourceQuality "1"]

{[%evp 18,56,16,24,13,16,0,-5,12,0,11,-84,-66,-81,-81,-94,-85,-98,-98,-96,-85,-89,-81,-85,-85,-86,-95,-81,-81,-101,-118,-106,-143,-139,-130,-764,-736,-1082,-1061,-1069,-1068]} 1. e4 c5 2. Nf3 e6 3. d4 cxd4 4. Nxd4 a6 5. Nc3 Qc7 6. Be3 Nc6 7. Qd2 Nf6 8. O-O-O b5 9. f3 Ne5 10. Bf4 {LiveBook: 3 Games. B48: Sicilian: Taimanov: 5 Nc3 Qc7 6 Be3 a6 without Be2} (10. Nb3 Be7 11. Qf2 O-O 12. g4 d6 13. g5 Nfd7 14. Rg1 b4 15. Nb1 a5 16. Nd4 a4 17. f4 Nc4 {0-1 (45) Dominguez Perez,L (2712)-Ivanchuk,V (2775) Beijing 2011}) 10... Be7 11. Kb1 O-O 12. g4 {The position is equal.} Bb7 $146 ({Predecessor:} 12... d6 13. a3 Rb8 14. Bg5 Bb7 15. Bxf6 Bxf6 16. g5 {0-1 (45) Wallis,C (2259)-Johansen,D (2403) Queenstown 2012}) 13. h4 $1 Rfc8 14. h5 (14. g5 $11 {remains equal.} Nh5 15. Bh2) 14... b4 $1 $17 {[%cal Rb4c3]} 15. Nce2 d6 $1 16. g5 {[#]} Nxf3 $1 {[%mdl 512]} 17. Nxf3 Nxe4 18. Qc1 Nf2 19. Bg2 Nxh1 20. Rxh1 Be4 {Strongly threatening ...e5.} 21. Ne1 {[#]} Bxg2 $1 22. Nxg2 a5 23. g6 b3 $36 {[%mdl 2048] Black is really pushing.} 24. axb3 a4 {aiming for ...axb3.} 25. b4 a3 26. bxa3 $2 {[%mdl 8192] [#]} (26. gxf7+ $17 Kxf7 27. Ne3) 26... Rxa3 $3 $19 {[%mdl 512] Black is clearly winning.} 27. Ne3 (27. Qxa3 Qxc2+) 27... Rca8 28. Qb2 Qa7 {Precision: White = 34%, Black = 96%.} 0-1

[Event "Mukachevo Masters IM 2018"]
[Site "Mukachevo"]
[Date "2018.10.19"]
[Round "5"]
[White "Larkin, Vladyslav"]
[Black "Kagramanianz, Vartan"]
[Result "1/2-1/2"]
[WhiteElo "2234"]
[BlackElo "2231"]
[Annotator "TA"]
[PlyCount "45"]
[EventDate "2018.08.17"]
[EventType "swiss"]
[EventCountry "UKR"]
[SourceTitle "playchess.com"]
[Source "ChessBase"]
[SourceQuality "1"]

{[%evp 15,45,60,68,71,80,65,76,58,67,56,82,70,82,82,82,82,82,82,77,52,56,52,52,52,61,60,61,28,61,61,68,61]} 1. d4 c5 2. d5 e5 3. e4 Nf6 4. Nc3 d6 5. Bb5+ Nbd7 6. a4 Be7 {A44: Semi-Benoni} 7. Nf3 {[%cal Bg1f3,Bf3d2,Bd2c4][%mdl 32]} O-O 8. h3 (8. O-O Kh8 9. Nd2 g6 10. Nc4 Ng8 11. f4 exf4 12. Bxf4 Nb6 13. e5 Nxc4 14. Bxc4 dxe5 15. Bxe5+ {1-0 (44) Aronian,L (2767)-Caruana,F (2822) chess.com INT 2018}) 8... Ne8 {LiveBook: 6 Games} 9. Bd3 Nc7 $146 ({Predecessor:} 9... Rb8 10. Qe2 Nc7 11. O-O b6 12. a5 Nf6 13. Nb5 Nxb5 14. Bxb5 {1-0 (22) Svetushkin,D (2557)-Aleskerov,F (2309) Kusadasi 2006}) 10. Nd2 Bg5 11. Nc4 Bxc1 12. Qxc1 Qe7 13. O-O b6 14. Nb5 Nxb5 15. axb5 a5 16. f4 Rb8 17. Qe3 (17. f5 {keeps more tension.} Nf6 18. g4 Bd7 19. Nd2 Kh8 20. Qe1) 17... exf4 18. Qxf4 Ne5 19. Nxe5 Qxe5 20. Qxe5 dxe5 21. Bc4 Rd8 22. Ra3 Rb7 23. Raf3 {Precision: White = 59%, Black = 77%.} 1/2-1/2

[Event "Mukachevo Masters IM 2018"]
[Site "Mukachevo"]
[Date "2018.10.20"]
[Round "6"]
[White "Vypkhaniuk, Ihor"]
[Black "Oros, Robert"]
[Result "1-0"]
[WhiteElo "2389"]
[BlackElo "2336"]
[Annotator "NA"]
[PlyCount "81"]
[EventDate "2018.08.17"]
[EventType "swiss"]
[EventCountry "UKR"]
[SourceTitle "playchess.com"]
[Source "ChessBase"]
[SourceQuality "1"]
[TimeControl "5400+30"]

1. c4 {[%emt 0:03:05]} c6 {[%emt 0:00:22]} 2. g3 {[%emt 0:00:48]} d5 {[%emt 0:01:02]} 3. Bg2 {[%emt 0:01:18]} Nf6 {[%emt 0:02:08]} 4. Nf3 {[%emt 0:03:58]} Bg4 {[%emt 0:02:26]} 5. Ne5 {[%emt 0:00:55]} Be6 {[%emt 0:01:50]} 6. cxd5 {[%emt 0:00:59]} Bxd5 {[%emt 0:01:19]} 7. Nf3 {[%emt 0:00:04]} c5 {[%emt 0:06:43]} 8. Nc3 {[%emt 0:00:20] A11: Reti-Eröffnung} Bc6 {[%emt 0:00:37]} 9. O-O {[%emt 0:00:36]} Nbd7 {[%emt 0:01:58] LiveBook: 54 Games} (9... e6 10. Qc2 Be7 11. Rd1 O-O 12. d4 cxd4 13. Nxd4 Bxg2 14. Kxg2 Nbd7 15. Bg5 {½-½ (15) Svidler,P (2765)-Karjakin,S (2760) Riadh 2017}) 10. d3 {[%emt 0:05:00]} e6 {[%emt 0:02:40]} 11. e4 {[%emt 0:01:11]} e5 {[%emt 0:05:32]} 12. a4 {[%emt 0:03:16]} Bd6 $146 {[%emt 0:02:44]} ({Vorgänger:} 12... Be7 13. Nd2 O-O 14. Nc4 Qc7 15. f4 Rfe8 {1-0 (74) Erdos,V (2640)-Petrosian,T (2648) Warsaw 2012}) 13. Nh4 {[%emt 0:04:03]} g6 {[%emt 0:02:50]} 14. Bh6 {[%emt 0:03:40]} Bf8 {[%emt 0:01:45]} 15. Be3 {[%emt 0:01:01]} Bg7 {[%emt 0:01:57]} 16. f4 {[%emt 0:22:25]} exf4 {[%emt 0:01:14]} 17. gxf4 {[%emt 0:01:15]} Nh5 $11 {[%emt 0:03:36]} 18. Nf5 {[%emt 0:03:36]} Bxc3 {[%emt 0:10:11]} 19. bxc3 {[%emt 0:04:29]} Qf6 {[%emt 0:00:55]} 20. Nd4 {[%emt 0:12:44]} cxd4 {[%emt 0:09:11]} 21. Bxd4 {[%emt 0:00:07]} Qe7 {[%emt 0:00:18]} 22. Bxh8 {[%emt 0:00:32]} f6 {[%emt 0:00:06]} 23. e5 {[%emt 0:04:24]} Bxg2 {[%emt 0:00:09]} 24. Kxg2 {[%emt 0:01:31]} O-O-O {[%emt 0:02:25]} 25. Bxf6 {[%emt 0:01:12]} Ndxf6 {[%emt 0:00:16]} 26. exf6 {[%emt 0:00:28]} Qxf6 {[%emt 0:00:27]} 27. Qf3 {[%emt 0:01:02]} Qa6 {[%emt 0:01:01]} 28. d4 {[%emt 0:03:01]} Ng7 {[%emt 0:00:26]} 29. Kg1 {[%emt 0:02:41]} Nf5 {[%emt 0:00:21]} 30. Rab1 {[%emt 0:00:23]} Re8 {[%emt 0:00:38]} 31. Rfe1 {[%emt 0:00:44]} Rxe1+ {[%emt 0:00:28]} 32. Rxe1 {[%emt 0:00:02]} Qxa4 {[%emt 0:00:08]} 33. Qd5 {[%emt 0:00:55]} Qd7 {[%emt 0:01:28]} 34. Qxd7+ {[%emt 0:02:10]} Kxd7 {[%emt 0:00:10]} 35. Ra1 {[%emt 0:00:09]} a6 {[%emt 0:00:07]} 36. Kf2 {[%emt 0:00:14]} Ne7 {[%emt 0:00:22]} 37. Kf3 {[%emt 0:01:17]} Nd5 {[%emt 0:00:54]} 38. c4 {[%emt 0:00:43]} Ne7 {[%emt 0:01:36]} 39. Ke4 {[%emt 0:00:27]} Nf5 {[%emt 0:01:07]} 40. Rb1 {[%emt 0:00:00]} Kc6 {[%emt 0:00:00]} 41. Ke5 {[%emt 0:00:00] Kd5+ Ke4+} 1-0

[Event "Mukachevo Masters IM 2018"]
[Site "Mukachevo"]
[Date "2018.10.20"]
[Round "6"]
[White "Tiba, Vladyslav"]
[Black "Shkuran, Danylo"]
[Result "1-0"]
[WhiteElo "2337"]
[BlackElo "2371"]
[Annotator "NA"]
[PlyCount "87"]
[EventDate "2018.08.17"]
[EventType "swiss"]
[EventCountry "UKR"]
[SourceTitle "playchess.com"]
[Source "ChessBase"]
[SourceQuality "1"]
[TimeControl "5400+30"]

1. e4 {[%emt 0:00:00]} c5 {[%emt 0:00:00]} 2. Nf3 {[%emt 0:00:00]} e6 {[%emt 0:00:00]} 3. d4 {[%emt 0:00:00]} cxd4 {[%emt 0:00:04]} 4. Nxd4 {[%emt 0:00:00]} a6 {[%emt 0:00:08]} 5. Nc3 {[%emt 0:00:09]} Qc7 {[%emt 0:00:30]} 6. Be2 {[%emt 0:00:19]} Nf6 {[%emt 0:00:21]} 7. O-O {[%emt 0:00:23]} Be7 {[%emt 0:00:30] LiveBook: 217 Partien} 8. Be3 {[%emt 0:00:39]} O-O {[%emt 0:00:15]} 9. f4 {[%emt 0:01:00]} d6 {[%emt 0:00:15]} 10. a4 {[%emt 0:05:25]} Nc6 {[%emt 0:05:27]} 11. Kh1 {[%emt 0:02:12]} Nxd4 {[%emt 0:02:35] B85: Sizilianisch (Scheveninger System)} (11... Re8 12. Bf3 Nxd4 13. Qxd4 e5 14. Qd2 exf4 15. Bxf4 Be6 16. Rfd1 Rad8 17. a5 Ng4 18. Bxg4 Bxg4 19. Nd5 Qd7 20. Rf1 Be6 21. b3 Bxd5 22. Qxd5 Qc6 23. Rad1 {½-½ (23) Jakovenko,D (2721)-Harikrishna,P (2738) Palma de Mallorca 2017}) 12. Bxd4 {[%emt 0:00:13]} Nd7 {[%emt 0:01:10]} 13. Bd3 $146 {[%emt 0:03:12]} ({Vorgänger:} 13. Qd3 Bf6 14. Bxf6 Nxf6 15. Rad1 d5 16. exd5 exd5 17. Bf3 Qxf4 18. Nxd5 Nxd5 19. Bxd5 {1-0 (27) Brito,L (2241)-Serafim Junior,A (1845) Curitiba 2016}) 13... Bf6 {[%emt 0:04:48]} 14. Bxf6 {[%emt 0:07:02]} Nxf6 {[%emt 0:05:19]} 15. Qe1 {[%emt 0:01:57]} Bd7 {[%emt 0:07:33]} 16. Qh4 {[%emt 0:06:26]} h6 {[%emt 0:01:15]} 17. Rae1 {[%emt 0:04:22]} Bc6 {[%emt 0:01:23]} 18. e5 {[%emt 0:05:42]} Nd7 {[%emt 0:01:28]} 19. Qh5 {[%emt 0:12:51]} Qb6 {[%emt 0:11:39]} 20. b3 {[%emt 0:11:30]} Qb4 {[%emt 0:08:15]} 21. Ne4 {[%emt 0:10:00]} Bxe4 {[%emt 0:01:53]} 22. Rxe4 {[%emt 0:00:11]} Qb6 $18 {[%emt 0:04:52]} (22... Qa3 $11 {and Black has nothing to worry.}) 23. Qh4 {[%emt 0:05:26]} Qd8 {[%emt 0:02:48]} 24. Qxd8 {[%emt 0:02:31]} Raxd8 {[%emt 0:03:11]} 25. exd6 {[%emt 0:00:52]} Nc5 {[%emt 0:01:00]} 26. Rd4 {[%emt 0:00:12]} Nxd3 {[%emt 0:00:17]} 27. Rxd3 {[%emt 0:00:08]} Rd7 {[%emt 0:00:10]} 28. c4 {[%emt 0:00:50]} Rc8 {[%emt 0:03:00]} 29. Kg1 {[%emt 0:06:19]} f6 {[%emt 0:00:48]} 30. Rc1 {[%emt 0:01:22]} Kf7 {[%emt 0:01:01]} 31. a5 {[%emt 0:03:11]} g5 {[%emt 0:01:37]} 32. fxg5 {[%emt 0:02:18]} hxg5 {[%emt 0:00:36]} 33. b4 {[%emt 0:01:45]} e5 {[%emt 0:00:31]} 34. c5 {[%emt 0:00:32]} Rc6 {[%emt 0:00:36]} 35. Rf1 {[%emt 0:02:38]} Ke6 {[%emt 0:00:50]} 36. Rh3 {[%emt 0:01:31]} Rc8 {[%emt 0:00:56]} 37. Rh6 {[%emt 0:01:08]} Rf8 {[%emt 0:00:24]} 38. Kf2 {[%emt 0:00:34]} Kd5 {[%emt 0:05:14]} 39. Ke3 {[%emt 0:00:31]} Kc4 {[%emt 0:02:48]} 40. Ke4 {[%emt 0:00:00]} Kxb4 {[%emt 0:00:00]} 41. Kd5 {[%emt 0:00:00]} Kxa5 {[%emt 0:00:00]} 42. Rhxf6 {[%emt 0:00:00]} Rxf6 {[%emt 0:00:00]} 43. Rxf6 {[%emt 0:00:00]} Kb5 {[%emt 0:00:00]} 44. Re6 {[%emt 0:00:00]} 1-0

[Event "Mukachevo Masters IM 2018"]
[Site "Mukachevo"]
[Date "2018.10.20"]
[Round "6"]
[White "Boricsev, Oleg"]
[Black "Larkin, Vladyslav"]
[Result "1/2-1/2"]
[WhiteElo "2298"]
[BlackElo "2234"]
[Annotator "NA"]
[PlyCount "31"]
[EventDate "2018.08.17"]
[EventType "swiss"]
[EventCountry "UKR"]
[SourceTitle "playchess.com"]
[Source "ChessBase"]
[SourceQuality "1"]
[TimeControl "5400+30"]

1. e4 {[%emt 0:00:00]} c5 {[%emt 0:00:00]} 2. c3 {[%emt 0:00:00]} d5 {[%emt 0:00:00]} 3. exd5 {[%emt 0:00:00]} Qxd5 {[%emt 0:00:00]} 4. d4 {[%emt 0:00:00]} Nc6 {[%emt 0:00:00]} 5. Nf3 {[%emt 0:00:00]} Bg4 {[%emt 0:00:11]} 6. Be2 {[%emt 0:00:06]} cxd4 {[%emt 0:00:28]} 7. cxd4 {[%emt 0:00:24]} e6 {[%emt 0:00:06]} 8. h3 {[%emt 0:00:26]} Bxf3 {[%emt 0:01:00] LiveBook: 3 Games} 9. Bxf3 {[%emt 0:00:17]} Qd7 {[%emt 0:00:06]} 10. Be3 {[%emt 0:02:03]} Nge7 {[%emt 0:08:50]} 11. O-O {[%emt 0:02:06]} Nf5 $11 {[%emt 0:00:36]} 12. Nc3 {[%emt 0:10:23]} Bd6 {[%emt 0:10:09]} 13. d5 {[%emt 0:03:43]} exd5 {[%emt 0:00:46]} 14. Nxd5 {[%emt 0:01:54]} Nxe3 {[%emt 0:01:38]} 15. Nxe3 {[%emt 0:01:20]} O-O {[%emt 0:00:58]} 16. Bg4 {[%emt 0:05:46]} 1/2-1/2

[Event "Mukachevo Masters IM 2018"]
[Site "Mukachevo"]
[Date "2018.10.20"]
[Round "6"]
[White "Kagramanianz, Vartan"]
[Black "Srinath, Rao S.V."]
[Result "1/2-1/2"]
[WhiteElo "2231"]
[BlackElo "2325"]
[Annotator "NA"]
[PlyCount "84"]
[EventDate "2018.08.17"]
[EventType "swiss"]
[EventCountry "UKR"]
[SourceTitle "playchess.com"]
[Source "ChessBase"]
[SourceQuality "1"]
[TimeControl "5400+30"]

1. d4 {[%emt 0:00:00]} Nf6 {[%emt 0:04:51]} 2. Bf4 {[%emt 0:00:00]} g6 {[%emt 0:00:09]} 3. e3 {[%emt 0:00:05]} d6 {[%emt 0:00:05]} 4. h3 {[%emt 0:00:22]} Bg7 {[%emt 0:00:04]} 5. Nf3 {[%emt 0:00:24]} O-O {[%emt 0:00:07]} 6. Be2 {[%emt 0:00:05]} c5 {[%emt 0:01:02]} 7. c3 {[%emt 0:00:36] LiveBook: 533 Games} b6 {[%emt 0:00:12]} 8. O-O {[%emt 0:00:28]} Bb7 {[%emt 0:00:02]} 9. Re1 {[%emt 0:05:15]} Nbd7 {[%emt 0:02:53]} 10. Bh2 {[%emt 0:03:05]} a6 {[%emt 0:00:35]} 11. a4 {[%emt 0:05:09]} Ra7 {[%emt 0:00:46]} 12. Nbd2 {[%emt 0:21:32]} Qa8 {[%emt 0:00:09]} 13. Bf1 {[%emt 0:00:53]} Re8 {[%emt 0:02:15]} 14. Qe2 {[%emt 0:03:05]} cxd4 {[%emt 0:08:32]} 15. cxd4 $11 {[%emt 0:02:30]} Ne4 {[%emt 0:02:33]} 16. Nxe4 {[%emt 0:02:14]} Bxe4 {[%emt 0:09:03]} 17. Nd2 {[%emt 0:00:36]} Bc6 {[%emt 0:01:00]} 18. Nc4 {[%emt 0:03:38]} Rc8 {[%emt 0:06:23]} 19. b3 {[%emt 0:06:33]} Bd5 {[%emt 0:01:21]} 20. Qd2 {[%emt 0:04:19]} Rac7 {[%emt 0:04:07]} 21. e4 {[%emt 0:04:56]} Bxe4 {[%emt 0:03:03]} 22. f3 {[%emt 0:00:15]} Bf5 {[%emt 0:06:19]} 23. Rxe7 {[%emt 0:01:57]} Qd5 {[%emt 0:00:33]} 24. Rd1 {[%emt 0:02:52]} Bf8 {[%emt 0:06:38]} 25. Rxd7 {[%emt 0:12:51]} Bxd7 {[%emt 0:00:25]} 26. Nxb6 {[%emt 0:00:05]} Qxb3 {[%emt 0:00:16]} 27. Nxc8 {[%emt 0:00:06]} Bxc8 {[%emt 0:00:15]} 28. Rc1 {[%emt 0:00:26]} Rxc1 {[%emt 0:01:11]} 29. Qxc1 {[%emt 0:00:06]} Bd7 {[%emt 0:00:22]} 30. Bxa6 {[%emt 0:04:18]} Qxa4 {[%emt 0:01:46]} 31. Bc4 {[%emt 0:08:49]} d5 {[%emt 0:00:50]} 32. Be2 {[%emt 0:01:15]} Qxd4+ {[%emt 0:00:11]} 33. Kh1 {[%emt 0:00:01]} Bf5 {[%emt 0:06:48]} 34. Qd1 {[%emt 0:02:31]} Qb2 {[%emt 0:01:48]} 35. Bf4 {[%emt 0:01:08]} d4 {[%emt 0:01:40]} 36. Qd2 {[%emt 0:01:13]} Ba3 {[%emt 0:06:53]} 37. Qa5 {[%emt 0:03:20]} Qb1+ {[%emt 0:05:57]} 38. Kh2 {[%emt 0:00:17]} Bf8 {[%emt 0:00:08]} 39. Qd8 {[%emt 0:00:30]} Qb4 {[%emt 0:00:08]} 40. Be5 {[%emt 0:00:00]} Qe7 {[%emt 0:00:00]} 41. Qxd4 Qc5 42. Qb2 Bd6 1/2-1/2

[Event "Mukachevo Masters IM 2018"]
[Site "Mukachevo"]
[Date "2018.10.21"]
[Round "7"]
[White "Shkuran, Danylo"]
[Black "Kagramanianz, Vartan"]
[Result "1/2-1/2"]
[WhiteElo "2371"]
[BlackElo "2231"]
[Annotator "TA"]
[PlyCount "38"]
[EventDate "2018.08.17"]
[EventType "swiss"]
[EventCountry "UKR"]
[SourceTitle "playchess.com"]
[Source "ChessBase"]
[SourceQuality "1"]

{[%evp 19,20,0,4]} 1. e4 e6 2. d4 d5 3. exd5 exd5 4. Bd3 Bd6 5. Nf3 Nf6 6. O-O O-O 7. Bg5 Bg4 8. Nbd2 Nbd7 9. Re1 {C01: French: Exchange Variation} c6 10. c3 Qc7 {LiveBook: 21 Games} {Predecessor:} 11. Qc2 $146 Rae8 12. Bh4 g6 13. Bg3 Bxg3 14. hxg3 Rxe1+ 15. Rxe1 Re8 16. Rxe8+ Nxe8 17. Nf1 Nd6 18. Ne3 Bxf3 19. gxf3 Kg7 {0-1 (40) Khachiyan,M (2530)-So,W (2822) chess.com INT 2017} 1/2-1/2

[Event "Mukachevo Masters IM 2018"]
[Site "Mukachevo"]
[Date "2018.10.21"]
[Round "7"]
[White "Oros, Robert"]
[Black "Vachylia, Andrii"]
[Result "1/2-1/2"]
[WhiteElo "2336"]
[BlackElo "2238"]
[Annotator "TA"]
[PlyCount "26"]
[EventDate "2018.08.17"]
[EventType "swiss"]
[EventCountry "UKR"]
[SourceTitle "playchess.com"]
[Source "ChessBase"]
[SourceQuality "1"]

{[%evp 12,26,12,28,24,22,48,-10,-2,-20,-16,-20,0,-31,0,-74,-58]} 1. e4 {[%cal Be2e4,Be4e5][%mdl 32]} c5 2. b3 Nf6 {[%cal Bg8f6,Bf6d5,Bd5c7,Bc7e6][%mdl 32]} 3. e5 Nd5 4. Bb2 Nc6 5. Nf3 d6 6. Bb5 Bd7 {B30: Sicilian: 2...Nc6 3 Bb5, lines without ...g6} 7. exd6 {LiveBook: 6 Games} exd6 (7... e6 8. Nc3 Nf6 9. d4 Bxd6 10. O-O cxd4 11. Nxd4 Qc7 12. Bxc6 bxc6 13. h3 O-O 14. Qf3 {1-0 (32) Yap,K (2419)-Sasikiran,K (2669) Al Ain 2014}) 8. O-O {Threatens to win with d4.} Nc7 {The position is equal.} 9. Re1+ (9. Na3 $14) 9... Be7 $146 ({Predecessor:} 9... Ne6 10. d4 cxd4 11. Nxd4 Qb6 12. Bxc6 bxc6 13. Nf5 d5 14. Nxg7+ Bxg7 15. Bxg7 {1-0 (40) Paichadze,L (2564)-Urmonov,D (1593) Moscow 2018}) 10. c4 O-O 11. Bxc6 Bxc6 12. d4 Bf6 13. Nbd2 {[#]} (13. Nc3 $1 $11) 13... Ne6 $1 1/2-1/2

[Event "Mukachevo Masters IM 2018"]
[Site "Mukachevo"]
[Date "2018.10.21"]
[Round "7"]
[White "Srinath, Rao S.V."]
[Black "Boricsev, Oleg"]
[Result "1/2-1/2"]
[WhiteElo "2325"]
[BlackElo "2298"]
[Annotator "TA"]
[PlyCount "23"]
[EventDate "2018.08.17"]
[EventType "swiss"]
[EventCountry "UKR"]
[SourceTitle "playchess.com"]
[Source "ChessBase"]
[SourceQuality "1"]

{[%evp 22,23,0,-10]} 1. e4 $146 c5 2. c3 Nf6 3. e5 Nd5 4. d4 cxd4 5. Nf3 e6 6. cxd4 b6 7. Nc3 Nxc3 8. bxc3 Qc7 9. Bd2 Bb7 10. Bd3 d6 11. O-O Nd7 12. Re1 {LiveBook: 149 Games. B22: Sicilian: 2 c3} 1/2-1/2

[Event "Mukachevo Masters IM 2018"]
[Site "Mukachevo"]
[Date "2018.10.21"]
[Round "7"]
[White "Bidsila, Andrej"]
[Black "Tiba, Vladyslav"]
[Result "0-1"]
[WhiteElo "2261"]
[BlackElo "2337"]
[Annotator "TA"]
[PlyCount "70"]
[EventDate "2018.08.17"]
[EventType "swiss"]
[EventCountry "UKR"]
[SourceTitle "playchess.com"]
[Source "ChessBase"]
[SourceQuality "1"]

{[%evp 9,70,-36,5,-11,-14,-18,-7,-36,0,-39,0,0,0,-23,-27,-26,-25,-29,-8,-12,0,-59,-58,-64,-46,-38,-36,-81,-72,-93,-85,-165,-153,-197,-183,-284,-271,-281,-202,-431,-245,-368,-362,-348,-348,-507,-410,-615,-610,-612,-606,-1339,-710,-981,-936,-2543,-2115,-1836,-1118,-1727,-1116,-1094,-992]} 1. Nf3 Nf6 2. d3 g6 3. Bg5 (3. e4 Bg7 4. Be2 c5 5. c3 O-O 6. O-O Nc6 7. Nbd2 e5 8. Nc4 d6 9. Bg5 h6 10. Bh4 Be6 11. Ne3 Qb6 12. Qc2 Nh5 13. Nd2 Nf4 14. Bf3 Qc7 {0-1 (39) Romanov,E (2626)-Urkedal,F (2570) Kristiansund 2017}) 3... Bg7 4. Qc1 O-O 5. e4 $146 ({Predecessor:} 5. Bh6 d5 6. Bxg7 Kxg7 7. c3 Re8 8. d4 Nbd7 9. e3 e5 10. dxe5 Nxe5 11. Nxe5 Rxe5 {0-1 (26) Shkola,V-Kononenko,D (2457) Alushta 2004}) 5... d6 6. Be2 {A05: Réti Opening: 1 Nf3 Nf6} c5 7. c3 Nc6 8. Na3 {The position is equal.} Re8 9. Bh6 Bh8 10. h3 Rb8 11. Bf4 e5 12. Be3 Qe7 13. Bg5 Be6 14. Nh2 Qd7 15. Bxf6 (15. f4 $11) 15... Bxf6 $15 16. Bg4 Bg7 17. Bxe6 Qxe6 18. Qd1 d5 19. Qg4 f5 20. exf5 (20. Qe2 $17) 20... gxf5 $19 21. Qd1 e4 $36 {[%mdl 2048] [#] White must now prevent ...exd3+. Keeping White busy.} 22. dxe4 (22. O-O {might work better.}) 22... Qxe4+ 23. Kf1 Ne5 {[%cal Bc6e5,Be5d3,Bd3b2][%mdl 32]} 24. f3 $2 (24. Nf3) 24... Qd3+ (24... Qf4 $142 25. Qc1 Qxc1+ 26. Rxc1 Nd3) 25. Qxd3 (25. Kf2 $142 c4 26. Nc2) 25... Nxd3 26. Rd1 c4 {[%cal Bc5c4,Bc4c3][%mdl 32]} 27. Nb5 (27. f4 $142) 27... Rbd8 28. Nd4 (28. f4 $142 a6 29. Nd4) 28... Bxd4 {Black is clearly winning.} 29. cxd4 Nxb2 30. Re1 Nd3 {[%csl Gd3][%cal Re8e1] [#]} 31. Re2 c3 32. g3 Rc8 {( -> ...c2)} 33. Rc2 Re1+ 34. Kg2 Rxh1 35. Kxh1 Nb4 {Precision: White = 20%, Black = 53%.} 0-1

[Event "Mukachevo Masters IM 2018"]
[Site "Mukachevo"]
[Date "2018.10.21"]
[Round "7"]
[White "Larkin, Vladyslav"]
[Black "Vypkhaniuk, Ihor"]
[Result "1/2-1/2"]
[WhiteElo "2234"]
[BlackElo "2389"]
[Annotator "TA"]
[PlyCount "20"]
[EventDate "2018.08.17"]
[EventType "swiss"]
[EventCountry "UKR"]
[SourceTitle "playchess.com"]
[Source "ChessBase"]
[SourceQuality "1"]

{[%evp 14,20,14,27,42,37,34,-28,-37]} 1. d4 Nf6 2. Bf4 g6 3. Nc3 d5 4. e3 Bg7 5. Nf3 c6 6. Bd3 Bg4 {D00: Damenbauernspiele} 7. h3 Bxf3 8. Qxf3 {LiveBook: 4 Partien} Qb6 (8... Nbd7 9. O-O O-O 10. Rad1 e5 11. dxe5 Ne8 12. e4 d4 13. Nb1 Nxe5 14. Bxe5 Bxe5 {0-1 (63) Kovalenko,I (2641)-Kulaots,K (2554) Liepaja 2018}) 9. O-O-O $146 ({Vorgänger:} 9. Rb1 Na6 10. a3 Nc7 11. O-O Ne6 12. Rfe1 O-O 13. b4 Nxf4 14. Qxf4 {0-1 (49) Cano Nieto,J-Sancho Diaz,S (1918) Madrid 2008}) 9... Nbd7 10. Rhe1 (10. g4 $14) 10... O-O 1/2-1/2